|
|
|
|
| LEADER |
00000nam0a2200000 4500 |
| 001 |
222782 |
| 005 |
20231101230500.0 |
| 010 |
|
|
|a 9785941783427
|
| 035 |
|
|
|a (RuTPU)RU\TPU\book\243009
|
| 090 |
|
|
|a 222782
|
| 100 |
|
|
|a 20121002d2013 k y0rusy50 ca
|
| 101 |
0 |
|
|a rus
|
| 102 |
|
|
|a RU
|
| 105 |
|
|
|a y z 001zy
|
| 200 |
1 |
|
|a Институциональные особенности российского предпринимательства и благотворительности (1861-1917 гг.): традиция и модернизация
|e (К 150-летию отмены крепостного права)
|e монография
|f Т. Н. Юдина, А. М. Балашов, И. А. Балашова
|
| 210 |
|
|
|a Старый Оскол
|c ТНТ
|d 2013
|
| 215 |
|
|
|a 406 с.
|
| 320 |
|
|
|a Библиогр.: с. 368-406.
|
| 330 |
|
|
|a В монографии показаны цивилизационные особенности предпринимательства и благотворительности с отмены крепостного права до революции 1917 г., когда развивалась капиталистическая рыночная экономика страны. Книга рассчитана на студентов и аспирантов, изучающих экономическую теорию, историю предпринимательства и отечественную историю, а также на преподавателей, научных работников, бизнесменов и всех тех, кто интересуется вопросами предпринимательства.
|
| 606 |
1 |
|
|a Предпринимательство
|x История
|y Россия
|2 stltpush
|3 (RuTPU)RU\TPU\subj\36669
|
| 606 |
1 |
|
|a Благотворительность
|2 stltpush
|3 (RuTPU)RU\TPU\subj\52455
|9 70888
|
| 610 |
1 |
|
|a институциональная динамика
|
| 610 |
1 |
|
|a институциональные изменения
|
| 610 |
1 |
|
|a Российская империя
|
| 610 |
1 |
|
|a экономические реформы
|
| 610 |
1 |
|
|a капитализм
|
| 610 |
1 |
|
|a сельское хозяйство
|
| 610 |
1 |
|
|a промышленность
|
| 610 |
1 |
|
|a железнодорожное строительство
|
| 610 |
1 |
|
|a рыночная экономика
|
| 610 |
1 |
|
|a 19 век
|
| 610 |
1 |
|
|a купечество
|
| 610 |
1 |
|
|a банковское дело
|
| 610 |
1 |
|
|a монополизация
|
| 610 |
1 |
|
|a общественные организации
|
| 610 |
1 |
|
|a меценатство
|
| 610 |
1 |
|
|a спонсорство
|
| 610 |
1 |
|
|a благотворительная деятельность
|
| 610 |
1 |
|
|a монографии
|
| 686 |
|
|
|a У03(2)
|v LBC/SL-A
|2 rubbk
|
| 686 |
|
|
|a У9(2)278
|v LBC/SL-A
|2 rubbk
|
| 700 |
|
1 |
|a Юдина
|b Т. Н.
|g Тамара Николаевна
|
| 701 |
|
1 |
|a Балашов
|b А. М.
|g Алексей Михайлович
|
| 701 |
|
1 |
|a Балашова
|b И. А.
|g Ирина Алексеевна
|
| 801 |
|
1 |
|a RU
|b 63413507
|c 20121002
|
| 801 |
|
2 |
|a RU
|b 63413507
|c 20130314
|g RCR
|
| 942 |
|
|
|c BK
|
| 959 |
|
|
|a 123/20121002
|d 1
|e 315,00
|f ЧЗГЛ:1
|